[Event "Leverkusen Bayer op 10th"]
[Site "Leverkusen"]
[Date "2012.03.21"]
[Round "6"]
[White "Rodewald, Horst"]
[Black "Kuhnert, Klaus"]
[Result "1-0"]
[WhiteElo "1309"]
[BlackElo "1450"]
[PlyCount "59"]
[EventDate "2012.01.11"]
[EventType "swiss"]
[EventRounds "7"]
[EventCountry "GER"]
[SourceTitle "EXT 2014"]
[Source "ChessBase"]
[SourceDate "2013.11.20"]
[SourceVersion "1"]
[SourceVersionDate "2013.11.20"]
[SourceQuality "1"]

1. e4 e5 2. Nf3 Nc6 3. c3 Nf6 4. d3 d5 5. Nbd2 Bg4 6. Be2 Be7 7. O-O Qd7 8. Kh1
h5 9. Nh4 g5 10. Nf5 Bxf5 11. exf5 Qxf5 12. Nf3 Nh7 13. Qb3 O-O-O 14. a3 g4 15.
Ng1 Qe6 16. Qc2 f5 17. b4 f4 18. f3 Nf6 19. Bd2 h4 20. fxg4 Nxg4 21. Qd1 Nf6
22. Nh3 Rdg8 23. b5 Nb8 24. a4 Rg6 25. a5 Rhg8 26. Bf3 e4 27. Nxf4 Qd6 28. Nxg6
exf3 29. Nxe7+ Qxe7 30. Qxf3 1-0

[Event "SVK-ch U12"]
[Site "Lubovnianske Kupele"]
[Date "2012.03.20"]
[Round "5"]
[White "Gazik, Viktor"]
[Black "Haring, Viktor"]
[Result "1-0"]
[WhiteElo "1980"]
[BlackElo "1977"]
[PlyCount "39"]
[EventDate "2012.03.17"]
[EventType "swiss"]
[EventRounds "9"]
[EventCountry "SVK"]
[SourceTitle "CBM 147 Extra"]
[Source "ChessBase"]
[SourceDate "2012.04.24"]
[SourceVersion "1"]
[SourceVersionDate "2012.04.24"]
[SourceQuality "1"]

1. e4 e5 2. Nf3 Nc6 3. c3 Nf6 4. d4 Nxe4 5. d5 Ne7 6. Nxe5 Ng6 7. Nxg6 hxg6 8.
Qe2 Qe7 9. Bf4 d6 10. Na3 Bd7 11. O-O-O Nc5 12. Qd2 Ne4 13. Qd4 Nc5 14. Nb5 Bf5
15. Bc4 Kd8 16. Rhe1 Qf6 17. Qe3 Kd7 18. Nxc7 Rc8 19. Qxc5 dxc5 20. Bb5+ 1-0

[Event "Omsk-ch"]
[Site "Omsk"]
[Date "2012.03.19"]
[Round "4"]
[White "Adamson, Konstantin"]
[Black "Novikov, Viktor"]
[Result "1-0"]
[WhiteElo "2182"]
[BlackElo "2048"]
[PlyCount "55"]
[EventDate "2012.03.15"]
[EventType "swiss"]
[EventRounds "9"]
[EventCountry "RUS"]
[SourceTitle "EXT 2013"]
[Source "ChessBase"]
[SourceDate "2012.11.22"]
[SourceVersion "1"]
[SourceVersionDate "2012.11.22"]
[SourceQuality "1"]

1. e4 e5 2. Nf3 Nc6 3. c3 d6 4. d4 exd4 5. cxd4 Bd7 6. Bc4 Na5 7. Bd3 c5 8. Nc3
Nc6 9. dxc5 dxc5 10. O-O g6 11. Bg5 Be7 12. Bf4 h6 13. Bc4 g5 14. Be5 Nf6 15.
Nd5 Nxe5 16. Nxe5 Be6 17. Qa4+ Kf8 18. Rad1 Bxd5 19. Bxd5 Nxd5 20. Rxd5 Qc7 21.
Qc4 Rh7 22. f4 Bd6 23. Nd3 Bxf4 24. Rxf4 gxf4 25. e5 b6 26. Qxf4 Re8 27. Qf5
Rg7 28. Rd7 1-0

[Event "SB-2012-0-00218"]
[Site "Lechenicher SchachServer"]
[Date "2012.03.18"]
[Round "?"]
[White "Blittkowsky, Ralf"]
[Black "Lombart, Philippe"]
[Result "1-0"]
[WhiteElo "1856"]
[BlackElo "1807"]
[PlyCount "87"]
[EventDate "2012.03.02"]
[SourceTitle "OM Corr 202003"]
[Source "Opening Master"]
[SourceDate "2019.05.30"]
[SourceVersion "2"]
[SourceVersionDate "2019.05.30"]
[SourceQuality "1"]

1. e4 e5 2. Nf3 Nc6 3. c3 Nf6 4. d4 exd4 5. e5 Nd5 6. cxd4 Bb4+ 7. Bd2 Bxd2+ 8.
Nbxd2 O-O 9. Qb3 Nb6 10. Bd3 d6 11. Be4 d5 12. Bd3 Be6 13. O-O a5 14. a3 f6 15.
Rac1 fxe5 16. Nxe5 Nxd4 17. Qc3 Rf4 18. Rfe1 Qg5 19. Bf1 Raf8 20. Qe3 Nf5 21.
Ndf3 Qh6 22. Qd2 Rc8 23. Nd3 Re4 24. Qxh6 Nxh6 25. Nc5 Rxe1 26. Nxe1 Bd7 27.
Nxb7 Nf7 28. Nd3 Bf5 29. Nxa5 Bxd3 30. Bxd3 c5 31. Bf5 Re8 32. f4 g6 33. Bg4 c4
34. Nc6 g5 35. fxg5 Nxg5 36. Bf5 Na4 37. Rd1 Nxb2 38. Rxd5 Ne4 39. Re5 Rxe5 40.
Nxe5 Nc5 41. Kf2 Kg7 42. Bc2 Kf6 43. Nf3 h6 44. Ke3 1-0

[Event "SVK-ch U18 Girls"]
[Site "Lubovnianske Kupele"]
[Date "2012.03.17"]
[Round "1"]
[White "Skrabakova, Katarina"]
[Black "Turkova, Karolina"]
[Result "0-1"]
[WhiteElo "1998"]
[BlackElo "1981"]
[PlyCount "68"]
[EventDate "2012.03.17"]
[EventType "tourn"]
[EventRounds "10"]
[EventCountry "SVK"]
[SourceTitle "CBM 147 Extra"]
[Source "ChessBase"]
[SourceDate "2012.04.24"]
[SourceVersion "1"]
[SourceVersionDate "2012.04.24"]
[SourceQuality "1"]

1. e4 e5 2. Nf3 Nc6 3. c3 Nf6 4. d4 Nxe4 5. d5 Ne7 6. Nxe5 Ng6 7. Qe2 Nxe5 8.
Qxe4 Qe7 9. Bf4 d6 10. Be2 Ng6 11. Qxe7+ Bxe7 12. Be3 O-O 13. O-O Bd7 14. Nd2
Rae8 15. Rae1 Bf6 16. h3 Re7 17. Nf3 Rfe8 18. Bd3 Ne5 19. Nxe5 Rxe5 20. Bc4 Bg5
21. f4 Bxf4 22. Rxf4 Rxe3 23. Ref1 f6 24. Bb3 Re2 25. R1f2 Re1+ 26. Rf1 R1e4
27. Bc2 Rxf4 28. Rxf4 Re2 29. Bb3 b5 30. Rf2 Rxf2 31. Kxf2 Kf7 32. Bc2 f5 33.
Ke3 Kf6 34. Kd4 Kg5 0-1

[Event "ZN-2012-0-01884"]
[Site "Lechenicher SchachServer"]
[Date "2012.03.15"]
[Round "?"]
[White "Cherry, Brian"]
[Black "Piacentile, Carmine"]
[Result "0-1"]
[WhiteElo "731"]
[BlackElo "1200"]
[PlyCount "22"]
[EventDate "2012.03.10"]

1. e4 e5 2. Nf3 Nc6 3. c3 d5 4. exd5 Qxd5 5. d4 e4 6. Qe2 Be7 7. c4 Qf5 8. d5
exf3 9. Qxf3 Nd4 10. Qxf5 Bxf5 11. Na3 Bxa3 0-1

[Event "Klubbmesterskap Drammens schakklub 2012"]
[Site "Drammen"]
[Date "2012.03.13"]
[Round "6"]
[White "Andersson, Øivind"]
[Black "Yilmas, Kazim"]
[Result "1-0"]
[WhiteElo "1115"]
[BlackElo "1272"]
[PlyCount "125"]
[EventDate "2012.??.??"]

1. e4 e5 2. Nf3 Nc6 3. c3 d5 4. exd5 Qxd5 5. d3 Bg4 6. Be2 Nf6 7. Nbd2 Bc5 8.
Qb3 Qxb3 9. Nxb3 Bb6 10. Be3 Bxe3 11. fxe3 e4 12. dxe4 Nxe4 13. O-O O-O 14.
Rad1 Rad8 15. Nbd4 Nxd4 16. exd4 Bxf3 17. Bxf3 Nd6 18. b3 Rfe8 19. Rfe1 b6 20.
Bc6 Rxe1+ 21. Rxe1 Kf8 22. Kf2 a5 23. a4 Nc8 24. Re3 Na7 25. Be4 Re8 26. Bb7
Rxe3 27. Kxe3 Ke7 28. Ke4 g6 29. g4 b5 30. d5 f6 31. Ba6 bxa4 32. bxa4 Kd6 33.
Kd4 c5+ 34. Kc4 f5 35. gxf5 gxf5 36. Bb7 h6 37. Kd3 Ke5 38. Ke3 c4 39. h4 h5
40. Kf3 Nb5 41. axb5 a4 42. Bc6 a3 43. b6 a2 44. b7 a1=Q 45. b8=Q+ Kf6 46. Qh8+
Ke7 47. Qe5+ Kf7 48. Qxf5+ Kg7 49. Qg5+ Kf8 50. Qf6+ Kg8 51. Qe6+ Kf8 52. Qe8+
Kg7 53. Qe7+ Kg6 54. Be8+ Kh6 55. Qg5+ Kh7 56. Qg6+ Kh8 57. Qxh5+ Kg7 58. Qg6+
Kh8 59. Qf6+ Kg8 60. Bf7+ Kf8 61. Bg6+ Kg8 62. Qf7+ Kh8 63. Qh7# 1-0

[Event "SN-2012-0-00425"]
[Site "Lechenicher SchachServer"]
[Date "2012.03.12"]
[Round "?"]
[White "Ducharme, Steven"]
[Black "Torfs, Gert"]
[Result "0-1"]
[WhiteElo "921"]
[BlackElo "875"]
[PlyCount "28"]
[EventDate "2012.02.12"]

1. e4 e5 2. Nf3 Nc6 3. c3 Nf6 4. Bd3 Bc5 5. O-O O-O 6. h3 d5 7. exd5 Nxd5 8. b4
Bb6 9. a4 a6 10. Re1 Re8 11. a5 Ba7 12. Bf1 e4 13. Nh2 Qf6 14. Ng4 Bxg4 0-1

[Event "Zagreb op-A"]
[Site "Zagreb"]
[Date "2012.03.11"]
[Round "8"]
[White "Zelic, Mladen"]
[Black "Blazeka, Matej"]
[Result "1/2-1/2"]
[WhiteElo "2270"]
[BlackElo "2208"]
[PlyCount "57"]
[EventDate "2012.03.05"]
[EventType "swiss"]
[EventRounds "9"]
[EventCountry "CRO"]
[SourceTitle "CBM 147 Extra"]
[Source "ChessBase"]
[SourceDate "2012.04.24"]
[SourceVersion "1"]
[SourceVersionDate "2012.04.24"]
[SourceQuality "1"]

1. e4 e5 2. Nf3 Nc6 3. c3 d5 4. Qa4 f6 5. Bb5 Nge7 6. exd5 Qxd5 7. d4 Bd7 8.
O-O exd4 9. Rd1 a6 10. Nxd4 Nxd4 11. Bxd7+ Qxd7 12. Qxd7+ Kxd7 13. Rxd4+ Ke6
14. Bf4 Nd5 15. Bg3 Bc5 16. Rd3 Rad8 17. Nd2 Ne7 18. Nb3 Bb6 19. Rad1 Rxd3 20.
Rxd3 Nf5 21. Bf4 g5 22. Bd2 Ke7 23. c4 Rd8 24. Bb4+ Ke8 25. Rxd8+ Kxd8 26. Kf1
Kd7 27. Bc3 Ke6 28. Ke2 c5 29. h3 1/2-1/2

[Event "Leipzig VfB op 19th"]
[Site "Leipzig"]
[Date "2012.03.10"]
[Round "8"]
[White "Heyder, Florian"]
[Black "Hentze, Markus"]
[Result "1/2-1/2"]
[WhiteElo "2150"]
[BlackElo "2098"]
[PlyCount "81"]
[EventDate "2012.03.06"]
[EventType "swiss"]
[EventRounds "9"]
[EventCountry "GER"]
[SourceTitle "CBM 147 Extra"]
[Source "ChessBase"]
[SourceDate "2012.04.24"]
[SourceVersion "1"]
[SourceVersionDate "2012.04.24"]
[SourceQuality "1"]

1. e4 e5 2. Nf3 Nc6 3. c3 d5 4. Qa4 Qd6 5. Bb5 Bd7 6. exd5 Qxd5 7. O-O Nb8 8.
Bxd7+ Nxd7 9. Re1 Bd6 10. c4 Qc6 11. Qxc6 bxc6 12. d4 O-O-O 13. dxe5 Bb4 14.
Rd1 h5 15. a3 Be7 16. Nc3 Nh6 17. Bf4 Nc5 18. Rxd8+ Bxd8 19. Be3 Nb3 20. Rd1 a6
21. Ne4 Ng4 22. Rd3 Nxe3 23. Rxe3 Na5 24. Nfd2 Be7 25. f4 Rd8 26. Kf2 Bc5 27.
Nxc5 Rxd2+ 28. Re2 Rxe2+ 29. Kxe2 Nxc4 30. Kd3 Nxb2+ 31. Kd4 a5 32. e6 Kd8 33.
exf7 Ke7 34. Nb7 Kxf7 35. Nxa5 c5+ 36. Kxc5 Nd3+ 37. Kc6 Nxf4 38. g3 Ne2 39.
Nb3 Nc3 40. Kc5 Kf6 41. Kc4 1/2-1/2

[Event "NED-chT 1112"]
[Site "Netherlands"]
[Date "2012.03.10"]
[Round "7.8"]
[White "Broekmeulen, Jasper"]
[Black "Henseler, Jorgen"]
[Result "1/2-1/2"]
[WhiteElo "2388"]
[BlackElo "2064"]
[PlyCount "138"]
[EventDate "2011.09.17"]
[EventType "team-tourn"]
[EventRounds "9"]
[EventCountry "NED"]
[SourceTitle "EXT 2013"]
[Source "ChessBase"]
[SourceDate "2012.11.22"]
[SourceVersion "1"]
[SourceVersionDate "2012.11.22"]
[SourceQuality "1"]
[WhiteTeam "Calder HMC"]
[BlackTeam "Hilversum HSG"]
[WhiteTeamCountry "NED"]
[BlackTeamCountry "NED"]

1. e4 e5 2. Nf3 Nc6 3. c3 Nf6 4. d4 Nxe4 5. d5 Ne7 6. Nxe5 Ng6 7. Qd4 Nf6 8.
Nxg6 hxg6 9. Bf4 d6 10. Nd2 Be7 11. Be2 O-O 12. O-O-O c5 13. dxc6 bxc6 14. Qa4
Nd5 15. Bg3 Bf5 16. Bf3 Qb6 17. Bxd5 cxd5 18. Nb3 Bg5+ 19. f4 Bf6 20. Rd2 Be4
21. Bf2 Qc7 22. Bd4 Qc4 23. Qxc4 dxc4 24. Na5 Rfc8 25. Bxf6 gxf6 26. Rxd6 Rc5
27. Rd4 Bxg2 28. Rg1 Rxa5 29. Rxg2 Rc8 30. Kb1 Rc7 31. Re2 Kg7 32. Re3 Rb5 33.
Kc1 Rcb7 34. Re2 Rc7 35. Re8 Rf5 36. h3 Rh5 37. Rdd8 f5 38. Re3 Rh4 39. Rd4 Kf6
40. b3 cxb3 41. axb3 Re7 42. Rxe7 Kxe7 43. Ra4 Rxh3 44. Rxa7+ Ke6 45. Kd2 Rf3
46. Ra4 f6 47. Ra6+ Ke7 48. Ra7+ Ke6 49. Rg7 Rxf4 50. Rxg6 Rg4 51. Rh6 f4 52.
b4 f3 53. Ke3 Rc4 54. Kd3 Rf4 55. Rh1 f2 56. Ke2 Kd5 57. Rf1 Rc4 58. Rd1+ Ke4
59. Rc1 f1=Q+ 60. Kxf1 Kd3 61. b5 Kd2 62. Rb1 Rxc3 63. b6 Rc8 64. Kf2 Rb8 65.
Kf3 Kd3 66. Kf4 Kd4 67. Kf5 Kc5 68. Kxf6 Rxb6+ 69. Rxb6 Kxb6 1/2-1/2

[Event "Zagreb op-A"]
[Site "Zagreb"]
[Date "2012.03.10"]
[Round "7"]
[White "Zelic, Mladen"]
[Black "Frouth, Nenad"]
[Result "1/2-1/2"]
[WhiteElo "2270"]
[BlackElo "2226"]
[PlyCount "21"]
[EventDate "2012.03.05"]
[EventType "swiss"]
[EventRounds "9"]
[EventCountry "CRO"]
[SourceTitle "CBM 147 Extra"]
[Source "ChessBase"]
[SourceDate "2012.04.24"]
[SourceVersion "1"]
[SourceVersionDate "2012.04.24"]
[SourceQuality "1"]

1. e4 e5 2. Nf3 Nc6 3. c3 d5 4. Qa4 Nf6 5. Nxe5 Bd6 6. Nxc6 bxc6 7. d4 dxe4 8.
Qxc6+ Bd7 9. Qc4 O-O 10. Be2 Rb8 11. b4 1/2-1/2

[Event "Sabadell Cora op 6th"]
[Site "Sabadell"]
[Date "2012.03.09"]
[Round "5"]
[White "Santamaria Fernandez, Gregorio"]
[Black "Montllor Aguilera, Francisco"]
[Result "1/2-1/2"]
[WhiteElo "1901"]
[BlackElo "1657"]
[PlyCount "57"]
[EventDate "2012.02.10"]
[EventType "swiss"]
[EventRounds "9"]
[EventCountry "ESP"]
[SourceTitle "EXT 2014"]
[Source "ChessBase"]
[SourceDate "2013.11.20"]
[SourceVersion "1"]
[SourceVersionDate "2013.11.20"]
[SourceQuality "1"]

1. e4 e5 2. Nf3 Nc6 3. c3 Nf6 4. d4 d6 5. Bb5 exd4 6. cxd4 Bd7 7. Nc3 Be7 8.
O-O O-O 9. Re1 a6 10. Bd3 Bg4 11. Be3 h6 12. h3 Bh5 13. g4 Bg6 14. Qd2 Qd7 15.
Nh2 h5 16. g5 Nh7 17. Kg2 f6 18. f4 fxg5 19. fxg5 Kh8 20. Nf3 Rxf3 21. Kxf3
Qxh3+ 22. Ke2 Qg4+ 23. Kf1 Rf8+ 24. Bf2 Nxg5 25. Be2 Qh4 26. Bd1 Qh1+ 27. Ke2
Qf3+ 28. Kf1 Qh3+ 29. Kg1 1/2-1/2

[Event "corr freechess 2012"]
[Site "freechess.de"]
[Date "2012.03.08"]
[Round "?"]
[White "Kevekordes, Peter"]
[Black "Goldbecker, Kurt Juergen"]
[Result "1-0"]
[WhiteElo "2199"]
[BlackElo "2302"]
[PlyCount "51"]
[EventDate "2012.??.??"]
[EventType "tourn (corr)"]
[SourceTitle "OM Corr 202003"]
[Source "Opening Master"]
[SourceDate "2019.05.30"]
[SourceVersion "2"]
[SourceVersionDate "2019.05.30"]
[SourceQuality "1"]

1. e4 e5 2. Nf3 Nc6 3. c3 d5 4. Qa4 f6 5. Bb5 Nge7 6. exd5 Qxd5 7. O-O e4 8. c4
Qd6 9. c5 Qxc5 10. d4 Qb6 11. d5 a6 12. Nc3 exf3 13. dxc6 bxc6 14. Bd3 fxg2 15.
Re1 Bd7 16. Be3 c5 17. Qc2 O-O-O 18. b4 Qb7 19. Qe2 c4 20. Bxc4 Bb5 21. Nxb5
axb5 22. Bxb5 Rd6 23. Bc5 Rb6 24. Bxb6 Qxb6 25. Rac1 Kb7 26. Red1 1-0

[Event "Tel Aviv"]
[Site "Tel Aviv"]
[Date "2012.03.06"]
[Round "8"]
[White "Striechman, Orri"]
[Black "Jirka, Jiri"]
[Result "0-1"]
[WhiteElo "1968"]
[BlackElo "2415"]
[PlyCount "52"]
[EventDate "2012.02.27"]
[EventType "tourn"]
[EventRounds "9"]
[EventCountry "ISR"]
[EventCategory "7"]
[SourceTitle "CBM 147 Extra"]
[Source "ChessBase"]
[SourceDate "2012.04.24"]
[SourceVersion "1"]
[SourceVersionDate "2012.04.24"]
[SourceQuality "1"]

1. e4 e5 2. Nf3 Nc6 3. c3 d5 4. Qa4 f6 5. Bb5 Nge7 6. O-O Be6 7. d3 a6 8. Bxc6+
Nxc6 9. Be3 Qd7 10. Nbd2 Be7 11. Rad1 O-O 12. exd5 Qxd5 13. Qb3 Qd7 14. Qc2 Kh8
15. Rfe1 Rad8 16. Ne4 Bg4 17. Qe2 f5 18. Nc5 Qc8 19. h3 Bh5 20. g4 f4 21. Bc1
Bxg4 22. Nxb7 Bxh3 23. Nh2 Qxb7 24. Qf3 Bc8 25. Re4 Bd6 26. Rc4 Ne7 0-1

[Event "v Salisbury"]
[Site "Southampton"]
[Date "2012.03.06"]
[Round "?"]
[White "Lynn, Bob"]
[Black "Yeo, Michael J"]
[Result "0-1"]
[WhiteElo "2098"]
[BlackElo "2135"]
[PlyCount "30"]
[EventDate "2012.??.??"]
[EventCountry "ENG"]
[SourceTitle "OM OTB B 201907"]
[Source "Opening Master"]
[SourceDate "2019.07.06"]
[SourceVersion "2"]
[SourceVersionDate "2019.07.06"]
[SourceQuality "1"]

1. e4 e5 2. Nf3 Nc6 3. c3 f5 4. d4 fxe4 5. Nxe5 Nf6 6. Be2 d5 7. Bg5 Be7 8. Nd2
O-O 9. Qb3 Kh8 10. f3 Nxe5 11. dxe5 Nh5 12. Bxe7 Qxe7 13. O-O-O Nf4 14. Rde1
Nxg2 15. Reg1 Nf4 0-1

[Event "Budapesti csapatbajnokság 2011-12"]
[Site "Budapest"]
[Date "2012.03.04"]
[Round "9"]
[White "Zoltan, Andras"]
[Black "Molnar, Tibor"]
[Result "1/2-1/2"]
[WhiteElo "1888"]
[BlackElo "1859"]
[PlyCount "71"]
[EventDate "2011.10.02"]
[EventType "tourn"]
[EventRounds "11"]
[EventCountry "HUN"]
[SourceTitle "OM OTB B 201907"]
[Source "Opening Master"]
[SourceDate "2019.07.06"]
[SourceVersion "2"]
[SourceVersionDate "2019.07.06"]
[SourceQuality "1"]

1. e4 e5 2. Nf3 Nc6 3. c3 Nf6 4. d4 Nxe4 5. d5 Ne7 6. Nxe5 Ng6 7. Qd4 Qe7 8.
Qxe4 Nxe5 9. Be2 d6 10. O-O Bd7 11. Qb4 O-O-O 12. Be3 c5 13. Qa3 Kb8 14. c4 Qh4
15. Nd2 f5 16. b4 f4 17. g3 Qf6 18. Bxf4 g5 19. Ne4 Qf5 20. Nxg5 Be7 21. Nf3
Rhg8 22. Bxe5 dxe5 23. bxc5 Rc8 24. d6 Bf6 25. Rad1 h5 26. h4 Qh3 27. Ng5 Bxg5
28. hxg5 Bc6 29. Bf3 e4 30. Bg2 Qf5 31. Qe3 Rxg5 32. Kh2 Rcg8 33. Bh3 Qf6 34.
d7 Qd8 35. Qf4+ Ka8 36. Rd6 1/2-1/2

[Event "Budapesti csapatbajnokság 2011-12"]
[Site "Budapest"]
[Date "2012.03.04"]
[Round "9"]
[White "Kis, Bela"]
[Black "Antal, Laszlo"]
[Result "1/2-1/2"]
[WhiteElo "2063"]
[BlackElo "2179"]
[PlyCount "87"]
[EventDate "2011.10.02"]
[EventType "tourn"]
[EventRounds "11"]
[EventCountry "HUN"]
[SourceTitle "OM OTB B 201907"]
[Source "Opening Master"]
[SourceDate "2019.07.06"]
[SourceVersion "2"]
[SourceVersionDate "2019.07.06"]
[SourceQuality "1"]

1. e4 e5 2. Nf3 Nc6 3. c3 Nf6 4. d4 Nxe4 5. d5 Nb8 6. Nxe5 Qe7 7. Qd4 Nd6 8.
Be3 Nf5 9. Qf4 g6 10. Nc4 d6 11. Nbd2 Bh6 12. Qe4 Nxe3 13. Qxe7+ Kxe7 14. Nxe3
Bxe3 15. fxe3 Nd7 16. Bd3 Ne5 17. Bc2 Bd7 18. Nf3 Nxf3+ 19. gxf3 f5 20. Kd2
Rae8 21. h4 Kf6 22. f4 h6 23. Rag1 Re7 24. Rg3 Rg7 25. Rhg1 Rhg8 26. Kd3 g5 27.
hxg5+ hxg5 28. fxg5+ Rxg5 29. Rxg5 Rxg5 30. Rxg5 Kxg5 31. Ke2 Kf6 32. c4 Ke5
33. Kf3 Be8 34. Kg3 Bh5 35. Kf2 Be8 36. Bd3 a6 37. Ke2 b5 38. b3 bxc4 39. bxc4
a5 40. Kd2 Bh5 41. Bc2 Bf3 42. a3 c5 43. dxc6 Bxc6 44. Kc3 1/2-1/2

[Event "Oberliga NRW 1112"]
[Site "Germany"]
[Date "2012.03.04"]
[Round "7.3"]
[White "Schaefer, Markus"]
[Black "Straeter, Timo"]
[Result "1/2-1/2"]
[WhiteElo "2423"]
[BlackElo "2350"]
[PlyCount "86"]
[EventDate "2011.09.18"]
[EventType "team-tourn"]
[EventRounds "9"]
[EventCountry "GER"]
[SourceTitle "EXT 2015"]
[Source "ChessBase"]
[SourceDate "2014.11.20"]
[SourceVersion "1"]
[SourceVersionDate "2014.11.20"]
[SourceQuality "1"]
[WhiteTeam "Porz II"]
[BlackTeam "Wattenscheid II"]
[WhiteTeamCountry "GER"]
[BlackTeamCountry "GER"]

1. e4 e5 2. Nf3 Nc6 3. c3 Nf6 4. d4 d6 5. Bd3 Be7 6. O-O O-O 7. Nbd2 h6 8. h3
Re8 9. dxe5 Nxe5 10. Nxe5 dxe5 11. Nc4 Bf8 12. Qe2 c6 13. a4 b6 14. b4 Ba6 15.
a5 b5 16. Ne3 Bc8 17. Rd1 Qc7 18. Rb1 Be6 19. c4 c5 20. Nd5 Bxd5 21. cxd5 c4
22. Bc2 Bd6 23. Bd2 Qe7 24. Bc3 Nd7 25. Rf1 Nf8 26. g3 Nh7 27. f4 a6 28. f5 f6
29. h4 Bb8 30. Kh2 Ba7 31. Qd2 Rad8 32. Bd1 Kh8 33. Bh5 Rg8 34. Bg6 Nf8 35. Qd1
Nxg6 36. fxg6 Rge8 37. Qd2 Kg8 38. Rbd1 Rd6 39. Rf5 Bd4 40. g4 Bxc3 41. Qxc3
Rf8 42. Qe3 Rc8 43. Qc3 Qe8 1/2-1/2

[Event "Bad Woerishofen op 28th"]
[Site "Bad Woerishofen"]
[Date "2012.03.04"]
[Round "3"]
[White "Schinnerl, Werner"]
[Black "Steinhart, Matthias"]
[Result "1-0"]
[WhiteElo "1921"]
[BlackElo "1780"]
[PlyCount "57"]
[EventDate "2012.03.02"]
[EventType "swiss"]
[EventRounds "9"]
[EventCountry "GER"]
[SourceTitle "OM OTB B 201907"]
[Source "Opening Master"]
[SourceDate "2019.07.06"]
[SourceVersion "2"]
[SourceVersionDate "2019.07.06"]
[SourceQuality "1"]

1. e4 e5 2. Nf3 Nc6 3. c3 Nf6 4. d4 Nxe4 5. d5 Bc5 6. dxc6 Bxf2+ 7. Ke2 bxc6 8.
Qa4 f5 9. Nbd2 Nxd2 10. Bxd2 Bc5 11. Qc4 Qe7 12. Bg5 Qd6 13. Rd1 Qf8 14. Nxe5
Be7 15. Bxe7 Qxe7 16. Kf2 Kf8 17. Re1 Qf6 18. Qd4 Qd6 19. Qe3 Bb7 20. Nc4 Qf6
21. Na5 f4 22. Qc5+ d6 23. Qh5 Rb8 24. Nxb7 h6 25. Bd3 g5 26. Rhf1 Kg7 27. Qg4
Rxb7 28. Qd7+ Kg8 29. Re8+ 1-0

[Event "CAMPEONATO DISTRITAL AMATEUR"]
[Site "?"]
[Date "2012.03.02"]
[Round "?"]
[White "Florez Chaparro, Edgar Orlando"]
[Black "Corredor Castellanos, Camilo"]
[Result "0-1"]
[WhiteElo "1600"]
[BlackElo "1875"]
[PlyCount "88"]
[EventDate "2012.??.??"]
[SourceTitle "OM OTB B 201907"]
[Source "Opening Master"]
[SourceDate "2019.07.06"]
[SourceVersion "2"]
[SourceVersionDate "2019.07.06"]
[SourceQuality "1"]

1. e4 e5 2. Nf3 Nc6 3. c3 d6 4. Bb5 Bd7 5. d4 Be7 6. O-O Bf6 7. Be3 Nge7 8. Qd3
O-O 9. Nbd2 Ng6 10. Qc4 a6 11. Bxc6 Bxc6 12. d5 Bb5 13. Qb4 Bxf1 14. Rxf1 b6
15. a3 Qd7 16. h3 Be7 17. Qc4 h6 18. Rd1 Kh8 19. Nf1 f5 20. N1h2 f4 21. Bc1 b5
22. Qc6 Qxc6 23. dxc6 a5 24. b3 Ra6 25. Rd5 Rb8 26. b4 axb4 27. cxb4 Rxc6 28.
Bd2 Rc4 29. g3 Rxe4 30. gxf4 Nxf4 31. Bxf4 Rxf4 32. Kg2 c6 33. Rd1 Rc4 34. Nf1
Ra8 35. Ne3 Rf4 36. Ra1 Raf8 37. Ng4 Rxf3 38. Rc1 h5 39. Nh2 Rxf2+ 40. Kh1 Bg5
41. Rg1 Bf4 42. Rg2 Bxh2 43. Kxh2 Rxg2+ 44. Kxg2 h4 0-1

[Event "corr freechess 2012"]
[Site "freechess.de"]
[Date "2012.03.01"]
[Round "?"]
[White "Kevekordes, Peter"]
[Black "Lorenz, Sebastian"]
[Result "1-0"]
[WhiteElo "2199"]
[BlackElo "1561"]
[PlyCount "61"]
[EventDate "2012.??.??"]
[EventType "tourn (corr)"]
[SourceTitle "OM Corr 202003"]
[Source "Opening Master"]
[SourceDate "2019.05.30"]
[SourceVersion "2"]
[SourceVersionDate "2019.05.30"]
[SourceQuality "1"]

1. e4 e5 2. Nf3 Nc6 3. c3 d5 4. Qa4 f6 5. Bb5 Nge7 6. exd5 Qxd5 7. O-O Bd7 8.
d4 exd4 9. cxd4 a6 10. Nc3 Qh5 11. Bf4 Rc8 12. Be2 Qf7 13. Bc4 Qg6 14. Qd1 b5
15. Bd3 Qf7 16. d5 Nb4 17. Re1 Nxd3 18. Qxd3 Kd8 19. d6 cxd6 20. Bxd6 Nc6 21.
Rad1 Bxd6 22. Qxd6 Re8 23. Nd5 Rxe1+ 24. Rxe1 Ne5 25. Nxe5 fxe5 26. Qb6+ Ke8
27. Rxe5+ Kf8 28. Qd6+ Kg8 29. Ne7+ Qxe7 30. Qxe7 Kh8 31. h4 1-0

[Event "RN-2012-0-00455"]
[Site "Lechenicher SchachServer"]
[Date "2012.02.27"]
[Round "?"]
[White "Cherry, Brian"]
[Black "Heineccius, August"]
[Result "1-0"]
[WhiteElo "731"]
[BlackElo "860"]
[PlyCount "73"]
[EventDate "2012.02.13"]

1. e4 e5 2. Nf3 Nc6 3. c3 Nf6 4. d3 Bd6 5. Bg5 h6 6. Bh4 O-O 7. d4 g5 8. Nxg5
hxg5 9. Bxg5 Be7 10. Bxf6 Bxf6 11. d5 Ne7 12. Qd2 Kg7 13. h4 Rh8 14. h5 Rh6 15.
g4 d6 16. g5 Ng8 17. gxh6+ Kh7 18. Rg1 Qf8 19. Na3 Nxh6 20. Nc2 c5 21. O-O-O
Bg4 22. Be2 Qg7 23. Ne3 b5 24. Nxg4 Bg5 25. Ne3 a6 26. Rg3 f6 27. Rdg1 Nf7 28.
Kb1 Nh6 29. Bg4 Rf8 30. f3 Bf4 31. R3g2 c4 32. Bf5+ Nxf5 33. Rxg7+ Nxg7 34. Qg2
Rg8 35. Qg6+ Kh8 36. h6 Rf8 37. Qxg7# 1-0

[Event "SVK-chT2D 1112"]
[Site "Slovakia"]
[Date "2012.02.26"]
[Round "11.4"]
[White "Stec, Juraj"]
[Black "Volcko, Richard"]
[Result "1-0"]
[WhiteElo "1999"]
[BlackElo "1788"]
[PlyCount "101"]
[EventDate "2011.10.08"]
[EventType "team-tourn"]
[EventRounds "11"]
[EventCountry "SVK"]
[SourceTitle "EXT 2013"]
[Source "ChessBase"]
[SourceDate "2012.11.22"]
[SourceVersion "1"]
[SourceVersionDate "2012.11.22"]
[SourceQuality "1"]

1. e4 e5 2. Nf3 Nc6 3. c3 Nf6 4. d4 d6 5. Bb5 Bg4 6. Qa4 Bd7 7. Qc2 a6 8. Bc4
Be7 9. O-O O-O 10. Bg5 b5 11. Bxf6 Bxf6 12. Bd5 Rc8 13. dxe5 dxe5 14. Nbd2 Ne7
15. Bb3 c5 16. c4 b4 17. a3 a5 18. axb4 axb4 19. Ba4 Ng6 20. Nb3 Be6 21. Rad1
Qe7 22. Rd2 Rfd8 23. Rfd1 Rxd2 24. Rxd2 Qa7 25. Bb5 Rd8 26. Ne1 Rxd2 27. Qxd2
Nf4 28. g3 Nh3+ 29. Kg2 Ng5 30. f3 Be7 31. h4 Nh3 32. Nd3 f5 33. Nxe5 fxe4 34.
fxe4 Qc7 35. Nc6 Bd6 36. e5 Bf8 37. Nd8 Qxe5 38. Nxe6 Qxe6 39. Qd5 Ng5 40. hxg5
Qxd5+ 41. cxd5 Kf7 42. Kf3 Kg6 43. Kg4 Be7 44. Bd3+ Kf7 45. Nd2 Ke8 46. Bb5+
Kd8 47. Ne4 Kc7 48. Kf5 Bd6 49. Ke6 Bf8 50. d6+ Kd8 51. Kf7 1-0